<?xml version="1.0" encoding="UTF-8"?>
<collection xmlns="http://www.loc.gov/MARC21/slim">
 <record>
  <leader>01547nam a2200241   4500</leader>
  <controlfield tag="001">NCT_125745</controlfield>
  <controlfield tag="008">170928b        xxu||||| |||| 00| 0 vie d</controlfield>
  <datafield tag="999" ind1=" " ind2=" ">
   <subfield code="c">6441</subfield>
   <subfield code="d">6441</subfield>
  </datafield>
  <datafield tag="022" ind1=" " ind2=" ">
   <subfield code="a">0866-7861</subfield>
  </datafield>
  <datafield tag="082" ind1="0" ind2="4">
   <subfield code="2">23rd ed.</subfield>
   <subfield code="a">615</subfield>
   <subfield code="b">T109C</subfield>
  </datafield>
  <datafield tag="245" ind1="1" ind2="0">
   <subfield code="a">Tạp chí Dược học</subfield>
   <subfield code="n">Số 465</subfield>
   <subfield code="c">Bộ Y tế</subfield>
  </datafield>
  <datafield tag="260" ind1=" " ind2=" ">
   <subfield code="a">Hà Nội</subfield>
   <subfield code="b">Bộ Y tế</subfield>
   <subfield code="c">2015</subfield>
  </datafield>
  <datafield tag="300" ind1=" " ind2=" ">
   <subfield code="c">27cm</subfield>
  </datafield>
  <datafield tag="310" ind1=" " ind2=" ">
   <subfield code="a">Tháng 1 kỳ</subfield>
  </datafield>
  <datafield tag="362" ind1=" " ind2=" ">
   <subfield code="a">01/2015</subfield>
  </datafield>
  <datafield tag="500" ind1=" " ind2=" ">
   <subfield code="a">Từ 1962-1973 tên: Tập san Dược học. Từ 1974 đến nay tên: Tạp chí Dược học</subfield>
  </datafield>
  <datafield tag="520" ind1="3" ind2=" ">
   <subfield code="a">Trong số này có các bài nghiên cứu về : Giải pháp tăng sinh khả dụng cho các hoạt chất có nguồn gốc dược liệu;  Nghiên cứu ảnh hưởng của tá dược và độ dày màng bao đến khả năng giải phóng dược chất và độ ổn định của viên aspirin bao tan ở ruột; Nghiên cứu ảnh hưởng của tá dược đến quy trình bào chế bột cao khô quả nhau (Morinda citrifolia L.) bằng phương pháp phun sấy; ....</subfield>
  </datafield>
  <datafield tag="653" ind1=" " ind2=" ">
   <subfield code="a">Dược học</subfield>
  </datafield>
  <datafield tag="655" ind1=" " ind2=" ">
   <subfield code="a">Tạp chí</subfield>
  </datafield>
  <datafield tag="942" ind1=" " ind2=" ">
   <subfield code="2">ddc</subfield>
   <subfield code="c">CR</subfield>
  </datafield>
  <datafield tag="952" ind1=" " ind2=" ">
   <subfield code="0">0</subfield>
   <subfield code="1">0</subfield>
   <subfield code="2">ddc</subfield>
   <subfield code="4">0</subfield>
   <subfield code="6">615_000000000000000_T109C</subfield>
   <subfield code="7">0</subfield>
   <subfield code="9">24078</subfield>
   <subfield code="a">000001</subfield>
   <subfield code="b">000001</subfield>
   <subfield code="d">2022-05-17</subfield>
   <subfield code="o">615 T109C</subfield>
   <subfield code="r">2022-05-17</subfield>
   <subfield code="w">2022-05-17</subfield>
   <subfield code="y">CR</subfield>
  </datafield>
  <datafield tag="952" ind1=" " ind2=" ">
   <subfield code="0">0</subfield>
   <subfield code="1">0</subfield>
   <subfield code="2">ddc</subfield>
   <subfield code="4">0</subfield>
   <subfield code="6">615_000000000000000_T109C</subfield>
   <subfield code="7">0</subfield>
   <subfield code="9">24079</subfield>
   <subfield code="a">000001</subfield>
   <subfield code="b">000001</subfield>
   <subfield code="d">2022-05-17</subfield>
   <subfield code="o">615 T109C</subfield>
   <subfield code="r">2022-05-17</subfield>
   <subfield code="w">2022-05-17</subfield>
   <subfield code="y">CR</subfield>
  </datafield>
  <datafield tag="980" ind1=" " ind2=" ">
   <subfield code="a">Thư viện Trường Đại học Nam Cần Thơ</subfield>
  </datafield>
 </record>
</collection>
